|
|
|
|
| LEADER |
00000nab a2200000 a 4500 |
| 001 |
vtls008961520 |
| 003 |
SK-MaSNL |
| 005 |
20260303070703.0 |
| 008 |
070207 1976 xo 000 0 slo |
| 015 |
|
|
|a SNBRB1977
|
| 040 |
|
|
|a SNKBUCL
|b slo
|c SNKBUCL
|e AACR2
|
| 041 |
0 |
|
|a slo
|
| 044 |
|
|
|a xo
|c SK
|
| 080 |
|
|
|a 791.2.077
|2 2001
|
| 100 |
1 |
|
|a Gašinec, Jaroslav
|4 aut
|9 1068429
|
| 245 |
1 |
0 |
|a Oravská osmička sa vydarila
|b VII. ročník súťaže amatérskych filmov
|c Jaroslav Gašinec
|
| 300 |
|
|
|a Obr.
|
| 611 |
2 |
7 |
|a Oravská osmička
|n (7. :
|d 1976 : Nižná, Slovensko)
|2 SNK
|9 1044562
|
| 650 |
0 |
7 |
|a amatérske filmy
|2 SNKPH
|9 67242
|
| 773 |
0 |
|
|t Osvetová práca
|g Roč. 26, č. 22 (1976), s. 29
|
| 999 |
|
|
|c 1756514
|d 1758444
|